| 000 | 01648nam a2200373Ia 4500 | ||
|---|---|---|---|
| 001 | ebr10720743 | ||
| 003 | CaPaEBR | ||
| 006 | m o u | ||
| 007 | cr cn||||||||| | ||
| 008 | 130604s2013 utua sb 001 0 eng d | ||
| 010 | _z 2013015080 | ||
| 020 | _z9780874219173 (cloth) | ||
| 020 | _z9780874219180 | ||
| 040 |
_aCaPaEBR _cCaPaEBR |
||
| 035 | _a(OCoLC)848918415 | ||
| 050 | 1 | 4 |
_aBX8643.P63 _bS65 2013eb |
| 082 | 0 | 4 |
_a261.8/3584230882893 _223 |
| 100 | 1 | _aSmith, Merina. | |
| 245 | 1 | 0 |
_aRevelation, resistance, and Mormon polygamy _h[electronic resource] : _bthe introduction and implementation of the principle, 1830-1853 / _cMerina Smith. |
| 260 |
_aLogan : _bUSU Press, _c2013. |
||
| 300 |
_a267 p. : _bill. |
||
| 504 | _aIncludes bibliographical references and index. | ||
| 533 |
_aElectronic reproduction. _bPalo Alto, Calif. : _cebrary, _d2013. _nAvailable via World Wide Web. _nAccess may be limited to ebrary affiliated libraries. |
||
| 600 | 1 | 0 |
_aSmith, Joseph, _cJr., _d1805-1844. |
| 610 | 2 | 0 |
_aChurch of Jesus Christ of Latter-day Saints _xDoctrines. |
| 650 | 0 |
_aPolygamy _xReligious aspects _xChurch of Jesus Christ of Latter-day Saints _xHistory _y19th century. |
|
| 650 | 0 |
_aPolygamy _xReligious aspects _xMormon Church _xHistory _y19th century. |
|
| 650 | 0 |
_aPolygamy _zIllinois _zNauvoo _xHistory _y19th century. |
|
| 650 | 0 |
_aMormon Church _xDoctrines. |
|
| 651 | 0 |
_aNauvoo (Ill.) _xChurch history _y19th century. |
|
| 655 | 7 |
_aElectronic books. _2local |
|
| 710 | 2 | _aebrary, Inc. | |
| 856 | 4 | 0 |
_uhttp://site.ebrary.com/lib/rucke/Doc?id=10720743 _zAn electronic book accessible through the World Wide Web; click to view |
| 999 |
_c153039 _d153039 |
||